Economics

Đã lưu trong:
Sonraí Bibleagrafaíochta
Príomhúdar: Slavin, Stephen L
Formáid: Leabhar
Foilsithe: McGraw-Hill Irwin 2002
Clibeanna: Cuir Clib Leis
Gan Chlibeanna, Bí ar an gcéad duine leis an taifead seo a chlibeáil!
Thư viện lưu trữ: Mạng thư viện Đại học Đà Nẵng
LEADER 00528nam a2200229 a 4500
001 000029237
003 34774
005 20171030145630.0
008 171030s2002
040 |a LTT 
082 0 |a 330  |b SL-S 
100 1 |a Slavin, Stephen L 
245 0 0 |a Economics  |c Stephen L. Slavin. 
260 |b McGraw-Hill Irwin  |c 2002 
500 |a ASIA 
OWN |a LTT 
999 |a From the UDN01 
TYP |a Monograph 
TYP |a Printed language 
980 |a Mạng thư viện Đại học Đà Nẵng